000
00206nam a22000857a 4500
008
161229b xxu||||| |||| 00| 0 eng d
100
_9
2234
_a
George.A
245
_a
Amazing English
260
_a
New Delhi
_b
A.G
_c
2011
999
_c
5121
_d
5121